Históries de la ma esquerra / (Record no. 108351)

MARC details
000 -LEADER
campo de control de longitud fija 00694nam a2200205 4500
001 - NÚMERO DE CONTROL
campo de control 108351
003 - IDENTIFICADOR DE NÚMERO DE CONTROL
campo de control ES-MaACL
005 - FECHA Y HORA DE LA ÚLTIMA TRANSACCIÓN
campo de control 20230906184628.0
007 - CAMPO FIJO DE DESCRIPCIÓN FÍSICA--INFORMACIÓN GENERAL
campo de control de longitud fija t|
008 - DATOS DE LONGITUD FIJA--INFORMACIÓN GENERAL
campo de control de longitud fija 061121s1973 sp r ||||1| spa d
100 1# - ENTRADA PRINCIPAL--NOMBRE DE PERSONA
Nombre de persona Moncada, Jesús.
9 (RLIN) 82119
245 10 - MENCIÓN DEL TÍTULO
Título Históries de la ma esquerra /
Mención de responsabilidad, etc. Jesús Moncada.
260 ## - PUBLICACIÓN, DISTRIBUCIÓN, ETC.
Lugar de publicación, distribución, etc. Barcelona :
Nombre del editor, distribuidor, etc. Diamant,
Fecha de publicación, distribución, etc. 1973.
300 ## - DESCRIPCIÓN FÍSICA
Extensión 144 p. ;
Dimensiones 20 cm.
500 ## - NOTA GENERAL
Nota general Premi Joan Santamaria de narració 1971.
505 8# - NOTA DE CONTENIDO CON FORMATO
Nota de contenido con formato Contiene: dues narracions finalistes: Hola, Tom de Josep Valvardú. El cavall no es de cartró de Jaume Melendres
700 1# - ENTRADA AGREGADA--NOMBRE PERSONAL
Nombre de persona Valverdú, Josep.
9 (RLIN) 113025
700 1# - ENTRADA AGREGADA--NOMBRE PERSONAL
Nombre de persona Melendres, Jaume.
9 (RLIN) 79934
852 ## - LOCALIZACIÓN
Ubicación ES-MaACL
Número de control de estantería C-54387
Sublocalización o colección R.87196
Holdings
Estatus retirado Estado de pérdida Estado de daño No para préstamo Biblioteca de origen Biblioteca actual Ubicación en estantería Fecha de adquisición Fuente de adquisición Total de préstamos Signatura topográfica completa Código de barras Visto por última vez Precio de reemplazo Tipo de ítem Koha
        Biblioteca del Ateneo de Madrid Biblioteca del Ateneo de Madrid Depósito 2 17/01/2008     C-54387 1113061 23/02/2023 23/02/2023 Libro impreso